[Event "Lichtenberger Sommer 2016"]
[Site "?"]
[Date "2016.08.14"]
[Round "2.55"]
[White "Gräbnitz, Marc-Florian"]
[Black "Witte, Ronald"]
[Result "0-1"]
[WhiteElo "1320"]
[BlackElo "2023"]
[PlyCount "61"]
[EventDate "2016.??.??"]
[WhiteTeam "SC Eintracht Berlin"]
[BlackTeam "BSV 63 Chemie Weißensee"]

1. d4 d5 2. Nf3 e6 3. e3 Nf6 4. c4 c6 5. Nc3 Nbd7 6. Qb3 Bd6 7. Bd3 O-O 8. O-O
Qe7 9. Bd2 dxc4 10. Bxc4 b5 11. Bd3 a6 12. Rac1 c5 13. dxc5 Nxc5 14. Qc2 Bb7
15. Be2 Rac8 16. b4 Nce4 17. a3 Rfd8 18. Rfd1 Nd5 19. Nxd5 exd5 20. Qb2 Rxc1
21. Rxc1 d4 22. Nxd4 Bxh2+ 23. Kf1 Qh4 24. Be1 Be5 25. Bf3 Bd5 26. Qc2 Bc4+ 27.
Qxc4 bxc4 28. Ne2 f5 29. Rxc4 Qh1+ 30. Ng1 Bh2 31. Ke2 0-1

[Event "Lichtenberger Sommer 2016"]
[Site "?"]
[Date "2016.08.14"]
[Round "2.56"]
[White "Nofal, Jameel"]
[Black "Fontaine, Constantin"]
[Result "1-0"]
[WhiteElo "1900"]
[BlackElo "1527"]
[PlyCount "87"]
[EventDate "2016.??.??"]
[WhiteTeam "vereinslos"]
[BlackTeam "SK Tempelhof 1931"]

1. e4 e5 2. Nf3 Nf6 3. Nxe5 d6 4. Nf3 Nxe4 5. Nc3 Nxc3 6. dxc3 Be7 7. Be3 Nc6
8. Qd2 Bg4 9. Be2 O-O 10. O-O-O Be6 11. Kb1 Bf6 12. Bg5 Bxg5 13. Nxg5 Bf5 14.
g4 Bg6 15. h4 h6 16. Nh3 Ne5 17. Nf4 Be4 18. Rh3 Ng6 19. Nh5 Ne5 20. f4 Nxg4
21. Bxg4 f5 22. Bf3 Bxf3 23. Rxf3 Qxh4 24. Ng3 Qg4 25. Rdf1 h5 26. Ne2 Rae8 27.
a3 h4 28. Qd5+ Kh8 29. Rg1 Qh5 30. Rg5 Qh6 31. Ng1 Re1+ 32. Ka2 c6 33. Qd4 Qe6+
34. c4 Qf7 35. Rh3 Rfe8 36. Rxh4+ Kg8 37. Rgh5 Kf8 38. Qxd6+ Qe7 39. Rxf5+ Kg8
40. Qxe7 R8xe7 41. Nf3 Rf1 42. Ne5 g5 43. Rxg5+ Rg7 44. Rgh5 1-0

[Event "Lichtenberger Sommer 2016"]
[Site "?"]
[Date "2016.08.14"]
[Round "2.57"]
[White "Schacht, Thomas"]
[Black "Oginski, Ulrich"]
[Result "0-1"]
[WhiteElo "1678"]
[BlackElo "1769"]
[PlyCount "50"]
[EventDate "2016.??.??"]
[WhiteTeam "BSV 63 Chemie Weißensee"]
[BlackTeam "SC Weisse Dame (Berlin)"]

1. d4 Nf6 2. c4 e6 3. Nc3 c5 4. Nf3 cxd4 5. Nxd4 Nc6 6. e4 Qc7 7. Be3 a6 8. a4
Bb4 9. Qc2 Ng4 10. Nf3 Nxe3 11. fxe3 O-O 12. Bd3 Ne5 13. Nd4 b6 14. O-O-O Bb7
15. h4 Rac8 16. b3 Ng4 17. Rhe1 Qg3 18. Bf1 Nxe3 19. Qd3 Nxf1 20. Rxf1 Qxd3 21.
Rxd3 Bxc3 22. Rxc3 Bxe4 23. g4 d5 24. Rf4 h6 25. h5 e5 0-1

[Event "Lichtenberger Sommer 2016"]
[Site "?"]
[Date "2016.08.14"]
[Round "2.58"]
[White "Bauder, Herbert"]
[Black "Stark, Steven"]
[Result "1-0"]
[WhiteElo "1924"]
[BlackElo "1475"]
[PlyCount "115"]
[EventDate "2016.??.??"]
[WhiteTeam "Lasker Steglitz-Wilmersdorf"]
[BlackTeam "BSC Rehberge"]

1. d4 d5 2. Nf3 Nc6 3. c4 Be6 4. Nc3 Nf6 5. cxd5 Bxd5 6. Nxd5 Nxd5 7. e4 Nb6 8.
Bb5 a6 9. Bxc6+ bxc6 10. Qc2 Qd6 11. Ne5 e6 12. Nxc6 f6 13. Bd2 Qd7 14. O-O Bd6
15. Rac1 O-O 16. e5 fxe5 17. dxe5 Be7 18. Nxe7+ Qxe7 19. Qxc7 Nd5 20. Qxe7 Nxe7
21. Bb4 Rfe8 22. Bxe7 Rxe7 23. Rc6 Kf7 24. Rfc1 Raa7 25. b3 a5 26. g3 g5 27.
R1c4 Kg6 28. g4 h6 29. Ra4 Kf7 30. Rc5 Rad7 31. Rcxa5 Rd5 32. Kg2 Red7 33. Kf3
Rd3+ 34. Ke4 Rd2 35. Ra7 Re2+ 36. Kf3 Red2 37. Rxd7+ Rxd7 38. Re4 Rd3+ 39. Re3
Rd4 40. a4 Ke7 41. Rc3 Rb4 42. h3 Kd7 43. Ke3 Kd8 44. f3 Kd7 45. Kd3 Kd8 46.
Kc2 Kd7 47. Rc4 Rb8 48. b4 Kd8 49. b5 Kd7 50. Kb3 Rf8 51. Rc3 Rb8 52. Kb4 Rf8
53. b6 h5 54. Kb5 hxg4 55. hxg4 Rf4 56. b7 Rf8 57. Kb6 Rf4 58. Rc7+ 1-0

[Event "Lichtenberger Sommer 2016"]
[Site "?"]
[Date "2016.08.14"]
[Round "2.59"]
[White "Neumann, Thomas"]
[Black "Völler, Lothar"]
[Result "1-0"]
[WhiteElo "2151"]
[BlackElo "1778"]
[PlyCount "61"]
[EventDate "2016.??.??"]
[WhiteTeam "Borussia Friedrichsfelde"]
[BlackTeam "FS Dortmund"]

1. e4 c5 2. c3 g6 3. d4 cxd4 4. cxd4 Bg7 5. Nc3 a6 6. f4 e6 7. Nf3 Ne7 8. Be3
d5 9. e5 b5 10. Bd3 Nbc6 11. Rc1 Bd7 12. O-O O-O 13. Bf2 Bh6 14. Ne2 Nf5 15. g4
Nfe7 16. Bh4 Bg7 17. Qe1 f6 18. exf6 Bxf6 19. Bxf6 Rxf6 20. Qh4 Qf8 21. Ne5
Nxe5 22. fxe5 Rxf1+ 23. Rxf1 Qg7 24. Rf6 Rf8 25. g5 Nf5 26. Bxf5 gxf5 27. Nf4
Rxf6 28. exf6 Qf7 29. Nd3 Kf8 30. Ne5 Qg8 31. Qh6+ 1-0

[Event "Lichtenberger Sommer 2016"]
[Site "?"]
[Date "2016.08.14"]
[Round "2.60"]
[White "Lehmkuhl, Stefan"]
[Black "Andresen, Klaus"]
[Result "1-0"]
[WhiteElo "1875"]
[BlackElo "1559"]
[PlyCount "39"]
[EventDate "2016.??.??"]
[WhiteTeam "Breloher SC"]
[BlackTeam "Niendorfer TSV"]

1. c4 e5 2. Nc3 Nf6 3. e3 b6 4. Nf3 Nc6 5. d4 exd4 6. exd4 d5 7. cxd5 Nxd5 8.
Bb5 Nde7 9. d5 a6 10. Bxc6+ Nxc6 11. dxc6 Bd6 12. Bg5 f6 13. Be3 Be6 14. O-O
O-O 15. Ne4 Bc4 16. Nxd6 Bxf1 17. Qd5+ Kh8 18. Nf7+ Rxf7 19. Qxf7 Be2 20. Nd4
1-0

[Event "Lichtenberger Sommer 2016"]
[Site "?"]
[Date "2016.08.14"]
[Round "2.61"]
[White "Kasper, Peter"]
[Black "Kapp, Frank"]
[Result "1-0"]
[WhiteElo "1778"]
[BlackElo "1913"]
[PlyCount "163"]
[EventDate "2016.??.??"]
[WhiteTeam "SG Eckturm (Berlin)"]
[BlackTeam "TSV IFA Chemnitz"]

1. e4 e6 2. d4 d5 3. exd5 exd5 4. Nf3 Bg4 5. Be2 Nf6 6. Bg5 h6 7. Bf4 Nc6 8. c3
Bd6 9. Bxd6 Qxd6 10. Nbd2 O-O-O 11. O-O Ne4 12. h3 Bd7 13. Qc2 f5 14. Bb5 Rhf8
15. Bxc6 Qxc6 16. Ne5 Qa6 17. Nxd7 Rxd7 18. Nf3 g5 19. Ne5 Rg7 20. f3 Nd6 21.
b3 f4 22. Nd3 Nf5 23. Nc5 Qf6 24. Qe2 Re7 25. Qb5 c6 26. Qa4 Kb8 27. Nd3 b5 28.
Qb4 Ne3 29. Rf2 Rfe8 30. a4 Ka8 31. axb5 cxb5 32. Rfa2 Qb6 33. Ra6 Qc7 34. Ne5
Nc2 35. Rxa7+ Qxa7 36. Rxa7+ Rxa7 37. Qxb5 Rd8 38. Nc6 Ra1+ 39. Kf2 Ra2 40. Qb6
Nxd4+ 41. Kf1 Nxc6 42. Qxc6+ Kb8 43. b4 Ra7 44. Qxh6 Ra1+ 45. Ke2 Re8+ 46. Kd3
Re3+ 47. Kd4 Rd1+ 48. Kc5 Rxc3+ 49. Kb6 Rdc1 50. Qh8+ Rc8 51. Qe5+ R8c7 52.
Qxd5 R1c2 53. Qd8+ Rc8 54. Qxg5 R2c6+ 55. Kb5 Ka7 56. Qg7+ R6c7 57. Qd4+ Ka8
58. Qxf4 Rb8+ 59. Ka4 Ra7+ 60. Kb3 Rbb7 61. Qf8+ Rb8 62. Qd6 Rg7 63. g4 Rbb7
64. f4 Rgd7 65. Qa6+ Kb8 66. f5 Rd4 67. Qa5 Rd3+ 68. Kc4 Rxh3 69. Qd8+ Ka7 70.
Qa5+ Kb8 71. Qe5+ Kc8 72. f6 Rc7+ 73. Kd5 Rd3+ 74. Ke6 Rc6+ 75. Kf5 Rdd6 76. g5
Kd7 77. Kg6 Rc8 78. Qf5+ Kd8 79. Kg7 Rc7+ 80. f7 Rdd7 81. g6 Rc8 82. Qxd7+ 1-0

[Event "Lichtenberger Sommer 2016"]
[Site "?"]
[Date "2016.08.14"]
[Round "2.62"]
[White "Schröter, Maik"]
[Black "Richter, Robert"]
[Result "1-0"]
[WhiteElo "1904"]
[BlackElo "1542"]
[PlyCount "51"]
[EventDate "2016.??.??"]
[WhiteTeam "SG Stadtilm"]
[BlackTeam "SV Rüdersdorf"]

1. e4 c5 2. Nc3 g6 3. Nge2 Bg7 4. g3 Nc6 5. Bg2 e6 6. d3 Nge7 7. Be3 Nd4 8. Qd2
O-O 9. h4 d5 10. h5 Nxe2 11. Nxe2 Bxb2 12. Rb1 Bh8 13. Bxc5 Qc7 14. hxg6 fxg6
15. Bxe7 Qxe7 16. exd5 Qc5 17. O-O exd5 18. Nf4 Be5 19. Bxd5+ Kh8 20. Nxg6+ Kg7
21. Nxe5 Rf5 22. Bxb7 Bxb7 23. Rxb7+ Kg8 24. d4 Qd5 25. Rd7 Qxa2 26. Qh6 1-0

[Event "Lichtenberger Sommer 2016"]
[Site "?"]
[Date "2016.08.14"]
[Round "2.64"]
[White "Baranowsky, Peter"]
[Black "Pöltelt, Helmut"]
[Result "1-0"]
[WhiteElo "1923"]
[BlackElo "1749"]
[PlyCount "77"]
[EventDate "2016.??.??"]
[WhiteTeam "SF 1903 Berlin"]
[BlackTeam "SC Eintracht Berlin"]

1. Nf3 f5 2. g3 Nf6 3. Bg2 g6 4. c4 Bg7 5. Nc3 d6 6. Qc2 e5 7. d3 O-O 8. O-O c6
9. Rb1 h6 10. b4 Kh7 11. e3 e4 12. dxe4 fxe4 13. Nd4 d5 14. cxd5 cxd5 15. Ba3
Rf7 16. Qb3 Rc7 17. Rfd1 Bg4 18. Rd2 Nc6 19. Nxc6 bxc6 20. Nxe4 Nxe4 21. Bxe4
dxe4 22. Rxd8 Rxd8 23. Bb2 Bf3 24. Bxg7 Rxg7 25. h4 Rgd7 26. Kh2 h5 27. Qe6 Kh6
28. Qf6 Kh7 29. Qxc6 Rd6 30. Qc4 R8d7 31. Rg1 Kg7 32. a4 Rd1 33. Rxd1 Rxd1 34.
g4 Rd7 35. g5 Rd1 36. Kg3 Rg1+ 37. Kf4 Rg4+ 38. Ke5 Rxh4 39. Qc7+ 1-0

[Event "Lichtenberger Sommer 2016"]
[Site "?"]
[Date "2016.08.14"]
[Round "2.65"]
[White "Junge, Wolfgang"]
[Black "Schwager, Thomas"]
[Result "1-0"]
[WhiteElo "1875"]
[BlackElo "1632"]
[PlyCount "79"]
[EventDate "2016.??.??"]
[WhiteTeam "SC Friesen Lichtenberg"]
[BlackTeam "SC Friesen Lichtenberg"]

1. d4 Nf6 2. c4 e6 3. Nc3 Bb4 4. e3 O-O 5. Qc2 b6 6. a3 Be7 7. Nf3 Bb7 8. Be2
c5 9. O-O d5 10. cxd5 Nxd5 11. dxc5 Bxc5 12. Rd1 Qc8 13. Nxd5 Bxd5 14. Bd2 Nd7
15. Ng5 Nf6 16. Bf3 Bxf3 17. Nxf3 Qb7 18. b4 Be7 19. Rac1 Rac8 20. Qb3 Ne4 21.
Be1 Rxc1 22. Rxc1 Rc8 23. Rd1 Rd8 24. Rxd8+ Bxd8 25. Nd4 Bf6 26. Qc4 g6 27. Qc6
Qxc6 28. Nxc6 b5 29. Nxa7 Nd6 30. e4 Bb2 31. f4 f6 32. e5 fxe5 33. fxe5 Bxe5
34. Bf2 Bb2 35. Bc5 Nc4 36. Nxb5 Nxa3 37. Nc7 e5 38. b5 Bd4+ 39. Bxd4 exd4 40.
b6 1-0

[Event "Lichtenberger Sommer 2016"]
[Site "?"]
[Date "2016.08.14"]
[Round "2.66"]
[White "Reck, Jessica"]
[Black "Mayer, Herbert"]
[Result "1-0"]
[WhiteElo "1653"]
[BlackElo "1900"]
[PlyCount "119"]
[EventDate "2016.??.??"]
[WhiteTeam "SK König Tegel"]
[BlackTeam "SC Rochade (Berlin)"]

1. e4 c6 2. d4 d5 3. Nd2 dxe4 4. Nxe4 Bf5 5. Ng3 Bg6 6. h4 h6 7. Nh3 e6 8. Nf4
Bh7 9. Bc4 Nf6 10. O-O Bd6 11. Re1 O-O 12. c3 Nd5 13. Bxd5 cxd5 14. Qg4 Bxf4
15. Bxf4 Qf6 16. Be5 Qg6 17. Qf3 Nd7 18. Nh5 Nxe5 19. Rxe5 Rae8 20. Rae1 Qc2
21. Qg3 Bg6 22. R5e2 Qf5 23. Nf4 Bh7 24. Re5 Qf6 25. Nxd5 Qg6 26. Qxg6 Bxg6 27.
Nc7 Rc8 28. Nb5 Bd3 29. R1e3 Bxb5 30. Rxb5 Rc7 31. Ree5 b6 32. d5 exd5 33.
Rbxd5 Rfc8 34. Re4 Kf8 35. Kf1 f6 36. Ke2 Kf7 37. h5 Re7 38. Rxe7+ Kxe7 39. g4
Rc7 40. Kd3 Ke6 41. c4 Ke7 42. b3 Ke6 43. Kd4 Rf7 44. Ke4 Rc7 45. a4 Rc8 46. a5
Rc6 47. f3 bxa5 48. Rxa5 a6 49. f4 Rb6 50. Ra3 Rc6 51. Ra4 Ke7 52. Kd5 Rd6+ 53.
Kc5 Kd7 54. Ra5 Kc7 55. b4 Rc6+ 56. Kd4 Kb6 57. Rxa6+ Kxa6 58. b5+ Kb6 59. bxc6
Kxc6 60. Ke4 1-0

[Event "Lichtenberger Sommer 2016"]
[Site "?"]
[Date "2016.08.14"]
[Round "2.67"]
[White "Körner, Helmut"]
[Black "Baumgaertner, Andre"]
[Result "1-0"]
[WhiteElo "1870"]
[BlackElo "1724"]
[PlyCount "105"]
[EventDate "2016.??.??"]
[WhiteTeam "SF Nordost Berlin"]
[BlackTeam "SC Friesen Lichtenberg"]

1. b4 d5 2. Bb2 e6 3. Nf3 Nf6 4. a3 Be7 5. e3 O-O 6. c4 c6 7. Nc3 dxc4 8. Bxc4
b5 9. Be2 Bb7 10. d4 Nbd7 11. O-O Nd5 12. Ne4 a5 13. Nc5 Qc7 14. Qd2 Nxc5 15.
bxc5 f5 16. Bd3 h6 17. g3 b4 18. Kg2 Ba6 19. Bxa6 Rxa6 20. axb4 Nxb4 21. Bc3
Rb8 22. Rfb1 Qc8 23. Bxb4 axb4 24. Rxa6 Qxa6 25. Rxb4 Rb5 26. Qb2 Qb7 27. Rxb5
Qxb5 28. Qa2 Kf7 29. Qa8 Bf6 30. Qc8 Ke7 31. Qc7+ Ke8 32. Qd6 Kf7 33. Qd7+ Be7
34. Ne5+ Kf6 35. Nxc6 Bf8 36. Qe8 Bxc5 37. dxc5 Qxc5 38. Nd4 Qd5+ 39. Nf3 g5
40. Qh8+ Kg6 41. Qg8+ Kf6 42. h3 Qe4 43. Qh8+ Kg6 44. Qd4 Qc6 45. e4 Qxe4 46.
Qxe4 fxe4 47. Nd4 Kf6 48. Nc2 h5 49. Kf1 Ke5 50. Ke2 h4 51. gxh4 gxh4 52. Ke3
Kf5 53. Ne1 1-0

[Event "Lichtenberger Sommer 2016"]
[Site "?"]
[Date "2016.08.14"]
[Round "2.68"]
[White "Fiedler, Ronald"]
[Black "Rollwitz, Jürgen"]
[Result "1/2-1/2"]
[WhiteElo "1700"]
[BlackElo "1951"]
[PlyCount "29"]
[EventDate "2016.??.??"]
[WhiteTeam "Läufer Reinickendorf"]
[BlackTeam "SC Rochade (Berlin)"]

1. d4 e6 2. c4 f5 3. Nc3 Bb4 4. Qc2 Nf6 5. a3 Bxc3+ 6. bxc3 b6 7. Bg5 Bb7 8.
Bxf6 Qxf6 9. Nf3 O-O 10. O-O-O Qe7 11. Kb2 d5 12. e3 Nd7 13. Bd3 c5 14. Rhe1
dxc4 15. Bxc4 1/2-1/2

[Event "Lichtenberger Sommer 2016"]
[Site "?"]
[Date "2016.08.14"]
[Round "2.69"]
[White "Mueller, Jörg René"]
[Black "Kling, Maximilian"]
[Result "0-1"]
[WhiteElo "1557"]
[BlackElo "1804"]
[PlyCount "101"]
[EventDate "2016.??.??"]
[WhiteTeam "SC Zugzwang 95 (Berlin)"]
[BlackTeam "SK Kriegshaber"]

1. e4 e6 2. d4 d5 3. e5 c5 4. c3 Nc6 5. Bb5 Bd7 6. Nf3 Nxe5 7. Nxe5 Bxb5 8. Qb3
Bc6 9. O-O c4 10. Qd1 Nf6 11. Bg5 Be7 12. Nd2 h6 13. Bh4 Rc8 14. f4 Nd7 15.
Bxe7 Qxe7 16. Qg4 Nxe5 17. fxe5 Qg5 18. Qe2 Ke7 19. Rf3 Qh5 20. Raf1 Be8 21.
Qf2 Rg8 22. Rg3 Rc6 23. Rh3 Qg6 24. Nf3 Ra6 25. a3 Rb6 26. Rg3 Qh7 27. h3 Qf5
28. Qd2 Qh7 29. Nh2 Rc6 30. Rf4 Rb6 31. Qf2 Qb1+ 32. Nf1 Qxb2 33. Rfg4 Qxf2+
34. Kxf2 Rb3 35. Rxg7 Rxg7 36. Rxg7 Rxc3 37. Rg3 Rc2+ 38. Ke1 Ba4 39. Ne3 Ra2
40. h4 h5 41. Kf1 c3 42. Nxd5+ exd5 43. Rxc3 Bc6 44. g3 Rd2 45. Re3 Rxd4 46.
Ke2 Re4 47. Kf2 Ke6 48. Rxe4 dxe4 49. Ke3 Kxe5 50. Ke2 Kf5 51. Kf2 0-1

[Event "Lichtenberger Sommer 2016"]
[Site "?"]
[Date "2016.08.14"]
[Round "2.70"]
[White "Schmalzried, Volker"]
[Black "Bartoszewski-Reiski, Olaf"]
[Result "1/2-1/2"]
[WhiteElo "1870"]
[BlackElo "1574"]
[PlyCount "45"]
[EventDate "2016.??.??"]
[WhiteTeam "vereinslos"]
[BlackTeam "BKS Chemik Bydgoszcz"]

1. c4 Nf6 2. Nc3 c5 3. g3 g6 4. Bg2 Bg7 5. Nf3 O-O 6. O-O Nc6 7. d4 d6 8. b3 e6
9. Rb1 a6 10. Bg5 h6 11. Bc1 Rb8 12. d5 exd5 13. Nxd5 Nxd5 14. Qxd5 Nb4 15. Qd2
Bf5 16. Rb2 Bxb2 17. Bxb2 Kh7 18. Nh4 Be6 19. f4 f5 20. e4 Qd7 21. Re1 Rbe8 22.
Rd1 Rd8 23. Re1 1/2-1/2

[Event "Lichtenberger Sommer 2016"]
[Site "?"]
[Date "2016.08.14"]
[Round "2.71"]
[White "Gutewort, Paul Emil"]
[Black "Stein, Siegfried"]
[Result "0-1"]
[WhiteElo "1578"]
[BlackElo "1856"]
[PlyCount "126"]
[EventDate "2016.??.??"]
[WhiteTeam "SF Nordost Berlin"]
[BlackTeam "SV Berolina Mitte"]

1. d4 d5 2. Nf3 e6 3. c3 Nf6 4. e3 Bd6 5. Bd3 Nbd7 6. Nbd2 c5 7. O-O O-O 8. Re1
c4 9. Bc2 e5 10. e4 dxe4 11. Bxe4 exd4 12. Nxd4 Nc5 13. f3 Nfxe4 14. fxe4 Nd3
15. Rf1 b5 16. Nxb5 Bc5+ 17. Kh1 Nf2+ 18. Rxf2 Bxf2 19. Qe2 Bb6 20. Nxc4 Be6
21. Bf4 Bxc4 22. Qxc4 Rc8 23. Qa4 Qd3 24. Nd6 Rcd8 25. Qd1 Qxd1+ 26. Rxd1 f6
27. h3 Bc5 28. c4 Bxd6 29. Rxd6 Rxd6 30. Bxd6 Re8 31. c5 Kf7 32. b4 a6 33. a4
Ke6 34. Kh2 Kd7 35. b5 axb5 36. axb5 Rxe4 37. Kg3 Rb4 38. b6 Kc6 39. Kf3 g6 40.
Ke3 h5 41. Kd3 f5 42. Kc3 Ra4 43. g3 h4 44. Kb3 Re4 45. Kc3 hxg3 46. b7 Kxb7
47. Kd3 g2 48. Bh2 Re1 49. Kd4 g1=Q+ 50. Bxg1 Rxg1 51. Ke5 Kc6 52. h4 Rg4 53.
h5 gxh5 54. Kxf5 Rg8 55. Kf4 h4 56. Kf3 h3 57. Kf4 h2 58. Ke5 Kxc5 59. Ke4
h1=Q+ 60. Kf5 Rc8 61. Kf6 Qf3+ 62. Kg6 Rg8+ 63. Kh6 Qh3# 0-1

[Event "Lichtenberger Sommer 2016"]
[Site "?"]
[Date "2016.08.14"]
[Round "2.72"]
[White "Fock, Amina"]
[Black "Kautz, Stefan"]
[Result "0-1"]
[WhiteElo "1511"]
[BlackElo "1935"]
[PlyCount "106"]
[EventDate "2016.??.??"]
[WhiteTeam "SK International Berlin"]
[BlackTeam "SC Empor Maulwurf Bonn"]

1. e4 c5 2. Nc3 a6 3. g3 g6 4. Bg2 Bg7 5. d3 e6 6. f4 d6 7. Nf3 Nc6 8. Ne2 Nge7
9. c3 O-O 10. Be3 f5 11. Qc2 Qa5 12. O-O e5 13. Nd2 Be6 14. Nb3 Qd8 15. d4 c4
16. Nd2 exd4 17. Nxd4 Nxd4 18. Bxd4 Bxd4+ 19. cxd4 fxe4 20. Bxe4 d5 21. Bg2 b5
22. Rfe1 Nc6 23. Nf3 Bf5 24. Qd2 Qb6 25. Ne5 Rad8 26. Nxc6 Qxc6 27. Re7 Rfe8
28. Rae1 Rxe7 29. Rxe7 Qd6 30. Qe3 a5 31. Qe5 Qxe5 32. Rxe5 b4 33. Rxd5 Rc8 34.
Re5 c3 35. Bd5+ Kf8 36. bxc3 bxc3 37. Bb3 c2 38. Bxc2 Rxc2 39. Rxa5 Rd2 40.
Ra8+ Ke7 41. Ra7+ Bd7 42. Rb7 Rxa2 43. Rb4 Ra4 44. Rxa4 Bxa4 45. Kf2 Bd7 46.
Kf3 h5 47. Kg2 Kd6 48. Kf3 Kd5 49. Ke3 Bf5 50. Kf2 Kxd4 51. Kg2 Ke3 52. h3 Be4+
53. Kh2 Kf3 0-1

[Event "Lichtenberger Sommer 2016"]
[Site "?"]
[Date "2016.08.14"]
[Round "2.73"]
[White "Verbitsky, Jaroslaw"]
[Black "Bonke, Hans-Jürgen"]
[Result "0-1"]
[WhiteElo "1551"]
[BlackElo "1893"]
[PlyCount "52"]
[EventDate "2016.??.??"]
[WhiteTeam "SV Mattnetz Berlin"]
[BlackTeam "SC Kreuzberg"]

1. e4 g6 2. d4 d6 3. Nf3 Bg7 4. Bf4 e6 5. c3 Nd7 6. Nbd2 b6 7. Bb5 Bb7 8. O-O
a6 9. Ba4 Ne7 10. Re1 O-O 11. e5 d5 12. b4 b5 13. Bc2 h6 14. Nb3 Nb6 15. Re2
Nc4 16. Nc5 Bc6 17. Nd2 Qc8 18. Nxc4 dxc4 19. a4 Nd5 20. Bd2 Qd8 21. a5 Ne7 22.
Re3 Bd5 23. Rh3 Kh7 24. Bxh6 Bxh6 25. Qh5 Ng8 26. Rg3 Qe8 0-1

[Event "Lichtenberger Sommer 2016"]
[Site "?"]
[Date "2016.08.14"]
[Round "2.74"]
[White "Hoffbauer, Joerg"]
[Black "Wahner, Eberhard"]
[Result "1-0"]
[WhiteElo "1765"]
[BlackElo "1511"]
[PlyCount "69"]
[EventDate "2016.??.??"]
[WhiteTeam "BSG Bund (FV Schach)"]
[BlackTeam "SC Eintracht Berlin"]

1. e4 e6 2. c4 d5 3. e5 d4 4. d3 Bb4+ 5. Nd2 c5 6. Ngf3 Ne7 7. a3 Ba5 8. Rb1
Bc7 9. Ne4 b6 10. b4 cxb4 11. axb4 Nbc6 12. Qa4 Bd7 13. Nd6+ Bxd6 14. exd6 Ng6
15. b5 Nce5 16. Nxd4 a6 17. Qb3 axb5 18. Nxb5 Bxb5 19. Qxb5+ Nd7 20. Be2 O-O
21. O-O Ra5 22. Qb4 e5 23. g3 Re8 24. Be3 e4 25. dxe4 Rxe4 26. Bf3 Re8 27. Bd5
Nge5 28. Rfd1 Nc5 29. Qxb6 Qxb6 30. Rxb6 Ned7 31. Rc6 Ne6 32. Rb1 h6 33. Bxe6
fxe6 34. Rb7 Rd8 35. Rcc7 1-0

[Event "Lichtenberger Sommer 2016"]
[Site "?"]
[Date "2016.08.14"]
[Round "2.75"]
[White "Möller, Dirk"]
[Black "Ritter, Uwe"]
[Result "0-1"]
[WhiteElo "1577"]
[BlackElo "1928"]
[PlyCount "46"]
[EventDate "2016.??.??"]
[WhiteTeam "SC Kreuzberg"]
[BlackTeam "Reideburger SV"]

1. e4 e6 2. d4 d5 3. Nc3 dxe4 4. Nxe4 Bd7 5. Nf3 Bc6 6. Ng3 Nd7 7. Be2 Ngf6 8.
O-O Bd6 9. Bg5 Bxf3 10. Bxf3 c6 11. c4 h6 12. Be3 O-O 13. Re1 Qc7 14. Qd2 Rad8
15. a3 Rfe8 16. Rad1 e5 17. d5 e4 18. dxc6 Bxg3 19. fxg3 Ne5 20. Bd4 exf3 21.
Bxe5 Rxd2 22. Bxc7 Rxe1+ 23. Rxe1 f2+ 0-1

[Event "Lichtenberger Sommer 2016"]
[Site "?"]
[Date "2016.08.14"]
[Round "2.76"]
[White "Woinowski, Michael"]
[Black "Wilke, Hans-Peter"]
[Result "1-0"]
[WhiteElo "1734"]
[BlackElo "1613"]
[PlyCount "61"]
[EventDate "2016.??.??"]
[WhiteTeam "SC Kreuzberg"]
[BlackTeam "Läufer Reinickendorf"]

1. e4 c5 2. Nc3 d6 3. f4 g6 4. Nf3 Bg7 5. Bb5+ Bd7 6. Bc4 Nc6 7. d3 Na5 8. O-O
Nxc4 9. dxc4 Bxc3 10. bxc3 Qc7 11. e5 dxe5 12. fxe5 O-O-O 13. Qe2 h6 14. a4 Qa5
15. Be3 e6 16. Qf2 b6 17. Qh4 Qxc3 18. Qe4 Kc7 19. Bd2 f5 20. exf6 Nxf6 21.
Qf4+ e5 22. Qxf6 Qxc4 23. Qxe5+ Kb7 24. Bf4 Rc8 25. a5 b5 26. Rad1 Qe6 27. Qg7
Rcd8 28. Rfe1 Qf5 29. Re7 Qxf4 30. Rdxd7+ Rxd7 31. Rxd7+ 1-0

[Event "Lichtenberger Sommer 2016"]
[Site "?"]
[Date "2016.08.14"]
[Round "2.77"]
[White "David, Daniel"]
[Black "Prütz, Sigurd"]
[Result "0-1"]
[WhiteElo "1445"]
[BlackElo "1724"]
[PlyCount "79"]
[EventDate "2016.??.??"]
[WhiteTeam "SC Erkrath"]
[BlackTeam "Königsjäger Süd-West"]

1. e4 c6 2. d4 d5 3. exd5 cxd5 4. Bb5+ Bd7 5. Bxd7+ Qxd7 6. Ne2 e6 7. O-O Nf6
8. Bg5 Be7 9. Qd3 Nc6 10. Nd2 Rc8 11. c3 O-O 12. a4 b6 13. b4 h6 14. Bh4 Rfe8
15. b5 Na5 16. Rfc1 Ne4 17. Nxe4 Bxh4 18. Nd2 Rc7 19. Rab1 Rec8 20. Nb3 Nc4 21.
f4 Be7 22. Nd2 Nxd2 23. Qxd2 Rc4 24. Ra1 Qc7 25. Qa2 g5 26. fxg5 Bxg5 27. Rc2
Be3+ 28. Kh1 Bxd4 29. Nxd4 Rxd4 30. Rac1 Rc4 31. Qb3 d4 32. Rd1 Rxc3 33. Rxc3
Qxc3 34. Qxc3 Rxc3 35. Kg1 e5 36. Ra1 d3 37. Kf1 e4 38. Ke1 e3 39. a5 bxa5 40.
Rxa5 0-1

[Event "Lichtenberger Sommer 2016"]
[Site "?"]
[Date "2016.08.14"]
[Round "2.78"]
[White "Krüger, Ekkehard"]
[Black "Bastian, Reinhard"]
[Result "1-0"]
[WhiteElo "1818"]
[BlackElo "1441"]
[PlyCount "99"]
[EventDate "2016.??.??"]
[WhiteTeam "Narva Berlin"]
[BlackTeam "vereinslos"]

1. e4 e6 2. d4 d5 3. Nc3 Bb4 4. e5 Qd7 5. f4 b6 6. Nf3 Ba6 7. Bxa6 Nxa6 8. Qd3
Nb8 9. O-O c5 10. Be3 c4 11. Qd2 Nh6 12. a3 Be7 13. b3 cxb3 14. cxb3 O-O 15.
Rfc1 Nc6 16. b4 f6 17. exf6 Bxf6 18. Ne5 Bxe5 19. fxe5 Nf5 20. Bf2 a5 21. b5
Na7 22. a4 Rac8 23. Ne2 Rxc1+ 24. Rxc1 Rc8 25. g4 Nh6 26. h3 Rxc1+ 27. Qxc1 Qc8
28. Be1 Qxc1 29. Nxc1 Nc8 30. Nb3 Nf7 31. Nxa5 Ng5 32. Nb3 Nf3+ 33. Kf2 Nxe1
34. Kxe1 Kf7 35. Ke2 Ke7 36. Kd3 Kd7 37. Kc3 Kc7 38. Kb4 Kb7 39. a5 bxa5+ 40.
Nxa5+ Kc7 41. Kc5 Nb6 42. Kb4 Nd7 43. Nb3 Nb6 44. Nc5 Nc4 45. Nxe6+ Kb6 46.
Nxg7 Nb2 47. e6 Nd3+ 48. Kc3 Nf4 49. e7 Ne2+ 50. Kd2 1-0

[Event "Lichtenberger Sommer 2016"]
[Site "?"]
[Date "2016.08.14"]
[Round "2.79"]
[White "Lieder, Günter"]
[Black "Koerber, Bernhard"]
[Result "1-0"]
[WhiteElo "1866"]
[BlackElo "1567"]
[PlyCount "113"]
[EventDate "2016.??.??"]
[WhiteTeam "SK Turm Bad Hersfeld"]
[BlackTeam "Lasker Steglitz-Wilmersdorf"]

1. e4 e6 2. b3 d5 3. Bb2 c5 4. exd5 exd5 5. d4 cxd4 6. Bxd4 Nc6 7. Bb2 Nf6 8.
Nf3 Bc5 9. Be2 O-O 10. O-O Re8 11. Bd3 Bg4 12. h3 Be6 13. a3 a6 14. b4 Ba7 15.
Nbd2 h6 16. Nb3 Rc8 17. b5 axb5 18. Bxb5 Ne4 19. Bd3 Qb6 20. Bd4 Nxd4 21. Nbxd4
Nd6 22. a4 Qd8 23. Re1 Bxd4 24. Nxd4 Re7 25. Qf3 Qc7 26. Nxe6 fxe6 27. Qg4 Qd7
28. Qg6 Nf7 29. Re2 e5 30. Bb5 Qd6 31. Qg3 e4 32. Qg4 Rcc7 33. Rd1 Re5 34. Red2
Rg5 35. Qe2 Re5 36. c4 Rc5 37. cxd5 Rcxd5 38. Rxd5 Rxd5 39. Rxd5 Qxd5 40. Bc4
Qe5 41. Qa2 Qc7 42. Bd5 Qe7 43. Qb3 Kf8 44. Qxb7 Qxb7 45. Bxb7 Nd6 46. Bc6 Ke7
47. Kf1 Ke6 48. a5 Ke5 49. a6 Nc8 50. Ke2 Kd4 51. Bb7 Na7 52. Kd2 Nb5 53. Bc8
g5 54. g4 Na7 55. Bd7 Ke5 56. Ke3 Kd5 57. Bf5 1-0

[Event "Lichtenberger Sommer 2016"]
[Site "?"]
[Date "2016.08.14"]
[Round "2.80"]
[White "Fock, Sana"]
[Black "Grassi, Fabrizio"]
[Result "0-1"]
[WhiteElo "1581"]
[BlackElo "1839"]
[PlyCount "90"]
[EventDate "2016.??.??"]
[WhiteTeam "SK International Berlin"]
[BlackTeam "SV Berlin-Friedrichstadt"]

1. e4 d5 2. exd5 Nf6 3. d6 cxd6 4. Nc3 Nc6 5. d4 d5 6. Bb5 Bg4 7. Nf3 e6 8. h3
Bh5 9. O-O Bd6 10. Qd3 O-O 11. Bxc6 bxc6 12. Ne2 Bg6 13. Qd1 Qc7 14. c3 Ne4 15.
Be3 Rab8 16. Qc1 c5 17. Re1 c4 18. Ne5 Bxe5 19. dxe5 Nc5 20. Nf4 Nd3 21. Nxd3
Bxd3 22. Bd4 a5 23. a3 Rb3 24. Rd1 Rfb8 25. Rd2 Qb7 26. Ra2 Qe7 27. f3 f6 28.
Qe1 f5 29. Qf2 Qb7 30. Bc5 Bb1 31. Ra1 Rxb2 32. Bb4 Rxd2 33. Qxd2 axb4 34. Rxb1
Qa7+ 35. Kh1 bxa3 36. Rxb8+ Qxb8 37. Qc2 Qb3 38. Qf2 a2 39. Qa7 Qb1+ 40. Kh2
a1=Q 41. Qd7 Qg1+ 42. Kg3 Qae1+ 43. Kf4 Qh2+ 44. Kg5 Qxg2+ 45. Kh5 Qg6# 0-1